<?xml version="1.0" encoding="UTF-8"?><?xml-stylesheet type="text/xsl" href="static/style.xsl"?><OAI-PMH xmlns="http://www.openarchives.org/OAI/2.0/" xmlns:xsi="http://www.w3.org/2001/XMLSchema-instance" xsi:schemaLocation="http://www.openarchives.org/OAI/2.0/ http://www.openarchives.org/OAI/2.0/OAI-PMH.xsd"><responseDate>2026-06-29T22:56:00Z</responseDate><request verb="GetRecord" identifier="oai:riubu.ubu.es:10259/7714" metadataPrefix="marc">https://riubu.ubu.es/oai/request</request><GetRecord><record><header><identifier>oai:riubu.ubu.es:10259/7714</identifier><datestamp>2023-06-22T00:05:15Z</datestamp><setSpec>com_10259_4313</setSpec><setSpec>com_10259_5086</setSpec><setSpec>com_10259_2604</setSpec><setSpec>col_10259_4314</setSpec></header><metadata><record xmlns="http://www.loc.gov/MARC21/slim" xmlns:doc="http://www.lyncode.com/xoai" xmlns:xsi="http://www.w3.org/2001/XMLSchema-instance" xmlns:dcterms="http://purl.org/dc/terms/" xsi:schemaLocation="http://www.loc.gov/MARC21/slim http://www.loc.gov/standards/marcxml/schema/MARC21slim.xsd">
<leader>00925njm 22002777a 4500</leader>
<datafield tag="042" ind1=" " ind2=" ">
<subfield code="a">dc</subfield>
</datafield>
<datafield tag="720" ind1=" " ind2=" ">
<subfield code="a">Arnáiz Alonso, Ana</subfield>
<subfield code="e">author</subfield>
</datafield>
<datafield tag="720" ind1=" " ind2=" ">
<subfield code="a">Vallejo García, Jorge Lucas</subfield>
<subfield code="e">author</subfield>
</datafield>
<datafield tag="720" ind1=" " ind2=" ">
<subfield code="a">Vallejos Calzada, Saúl</subfield>
<subfield code="e">author</subfield>
</datafield>
<datafield tag="720" ind1=" " ind2=" ">
<subfield code="a">Diaz, Isabel</subfield>
<subfield code="e">author</subfield>
</datafield>
<datafield tag="260" ind1=" " ind2=" ">
<subfield code="c">2023-06</subfield>
</datafield>
<datafield tag="520" ind1=" " ind2=" ">
<subfield code="a">Mandelonitrile is a nitrogen-containing compound, considered an essential secondary metabolite. Chemically, it is&#xd;
a cyanohydrin derivative of benzaldehyde, with relevant functions in different physiological processes including&#xd;
defense against phytophagous arthropods. So far, procedures for detecting mandelonitrile have been effectively&#xd;
applied in cyanogenic plant species such as Prunus spp. Nevertheless, its presence in Arabidopsis thaliana,&#xd;
considered a non-cyanogenic species, has never been determined. Here, we report the development of an accurate&#xd;
protocol for mandelonitrile quantification in A. thaliana within the context of A. thaliana–spider mite interaction.&#xd;
First, mandelonitrile was isolated from Arabidopsis rosettes using methanol; then, it was derivatized by silylation&#xd;
to enhance detection and, finally, it was quantified using gas chromatography–mass spectrometry. The selectivity&#xd;
and sensitivity of this method make it possible to detect low levels of mandelonitrile (LOD 3 ppm) in a plant species&#xd;
considered non-cyanogenic that, therefore, will have little to no cyanogenic compounds, using a small quantity of&#xd;
starting material (≥ 100 mg).</subfield>
</datafield>
<datafield tag="024" ind2=" " ind1="8">
<subfield code="a">2331-8325</subfield>
</datafield>
<datafield tag="024" ind2=" " ind1="8">
<subfield code="a">http://hdl.handle.net/10259/7714</subfield>
</datafield>
<datafield tag="024" ind2=" " ind1="8">
<subfield code="a">10.21769/BioProtoc.4700</subfield>
</datafield>
<datafield ind1=" " ind2=" " tag="653">
<subfield code="a">Benzaldehyde cyanohydrin</subfield>
</datafield>
<datafield ind1=" " ind2=" " tag="653">
<subfield code="a">Mandelonitrile</subfield>
</datafield>
<datafield ind1=" " ind2=" " tag="653">
<subfield code="a">Hydroxynitrile lyase</subfield>
</datafield>
<datafield ind1=" " ind2=" " tag="653">
<subfield code="a">Arabidopsis thaliana</subfield>
</datafield>
<datafield ind1=" " ind2=" " tag="653">
<subfield code="a">Spider mite</subfield>
</datafield>
<datafield ind1=" " ind2=" " tag="653">
<subfield code="a">Cyanogenic glycosides</subfield>
</datafield>
<datafield ind1=" " ind2=" " tag="653">
<subfield code="a">Cyanohydrin</subfield>
</datafield>
<datafield tag="245" ind1="0" ind2="0">
<subfield code="a">Isolation and Quantification of Mandelonitrile from Arabidopsis thaliana Using Gas Chromatography/Mass Spectrometry</subfield>
</datafield>
</record></metadata></record></GetRecord></OAI-PMH>